000 00919nam a2200289 a 4500
008
020 _a0071144730 (pbk.)
049 _aMAIN
090 _aLB10
_bCRO
100 1 _aCrowl, Thomas K.
245 1 0 _aEducational psychology :
_bwindows on teaching /
_cThomas K. Crowl, Sally Kaminsky, David M. Podell.
260 _aMadison :
_bBrown & Benchmark Pub.,
_cc1997.
300 _axxvi, 416 p. :
_bill. (some col.) ;
_c28 cm.
504 _aIncludes bibliographical references.
500 _aIncludes index.
650 0 _aEducational psychology.
650 0 _aTeaching
_xPsychological aspects.
650 0 _aLearning, Psychology of.
650 0 _aChild development.
700 1 _aKaminsky, Sally.
700 1 _aPodell, David M.
907 _a.b10028626
_b12-03-15
_c17-04-03
003
005 20230123133651.0
040 _cNUST
942 _cBOOKS
_kLB10
_mCRO
999 _c152544
_d152544